| 000 | 00605nam a2200181Ia 4500 | ||
|---|---|---|---|
| 008 | 090123s9999 xx 000 0 und d | ||
| 082 |
_b33590 _a891.463/मलोसे |
||
| 100 | _aमलोसे राजेंद्र | ||
| 245 | _aगाथा सप्तपदी | ||
| 250 | _a1 | ||
| 260 |
_bदेशमुख आणि मंडळी _c2002 |
||
| 300 | _a444 | ||
| 600 | _aमलोसे राजेंद्र | ||
| 630 | _aगाथा सप्तपदी | ||
| 700 | _aमलोसे राजेंद्र | ||
| 730 | _aगाथा सप्तपदी | ||
| 942 | _cBOOK | ||
| 999 |
_c71649 _d71649 |
||